Can You Name Every VeggieTales Episode? (Original Run: 1993 - 2015) - Statistics

General Stats
  • This quiz has been taken 42 times
  • The average score is 23 of 49
Answer Stats
Answer % Correct
Josh and the Big Wall
80%
Madame Blueberry
80%
Moe and the Big Exit
73%
Rack, Shack & Benny
73%
The Ballad of Little Joe
73%
Where's God When I'm S-Scared?
73%
Dave and the Giant Pickle
67%
Larry-Boy! & the Fib from Outer Space!
67%
Minnesota Cuke and the Search for Noah's Umbrella
67%
Minnesota Cuke and the Search for Samson's Hairbrush
67%
An Easter Carol
60%
Gideon: Tuba Warrior
60%
Jonah: A VeggieTales Movie
60%
Larry-Boy and the Rumor Weed
60%
The Star of Christmas
60%
The Toy That Saved Christmas
60%
King George and the Ducky
53%
LarryBoy and the Bad Apple
53%
Noah's Ark
53%
Sweetpea Beauty: A Girl After God's Own Heart
53%
The Wonderful Wizard of Ha's
53%
Are You My Neighbor?
47%
A Snoodle's Tale
47%
Esther... The Girl Who Became Queen
47%
God Wants Me to Forgive Them!?!
47%
It's a Meaningful Life
47%
Lord of the Beans
47%
Lyle the Kindly Viking
47%
Sumo of the Opera
47%
'Twas the Night Before Easter
47%
Duke and the Great Pie War
40%
MacLarry and the Stinky Cheese Battle
40%
Pistachio: The Little Boy That Woodn't
40%
Princess and the Popstar
40%
The Pirates Who Don't Do Anything: A VeggieTales Movie
40%
Abe and the Amazing Promise
33%
Robin Good and His Not-So-Merry Men
33%
The Little Drummer Boy
33%
Tomato Sawyer and Huckleberry Larry's Big River Rescue
33%
Beauty and the Beet
27%
Merry Larry and the True Light of Christmas
27%
Saint Nicholas: A Story of Joyful Giving
27%
The League of Incredible Vegetables
27%
The Penniless Princess
27%
The Wonderful World of Auto-Tainment!
27%
Celery Night Fever
20%
Sheerluck Holmes and the Golden Ruler
13%
The Little House That Stood
13%
Veggies in Space: The Fennel Frontier
13%
No matching quizzes found
Score Distribution
Percent of People with Each Score
Percentile by Number Answered
Your Score History
You have not taken this quiz